Garden by design : ideas for small gardens

Bibliographic Details
Main Author: Stevens, David
Format: Book
Published: London : BBC Books , 1991
Subjects:

MARC

LEADER 00000cam a2200000 7i4500
001 0000001177
002 000001299
005 20000330.0
020 |a 0563215720 
090 0 0 |a 712.5   |b STE 
100 1 |a Stevens, David 
245 1 0 |a Garden by design :   |b ideas for small gardens   |c David Steven 
260 |a London :   |b BBC Books ,   |c 1991 
300 |a 111p. :   |b ill. ;   |c 22cm. 
650 0 0 |a Landscape gardening 
999 |a 030849   |b BUKU   |c PINJAMAN   |e PERPUSTAKAAN KOMUNITI PETALING JAYA 
999 |a 031435   |b BUKU   |c PINJAMAN   |e PERPUSTAKAAN KOMUNITI PETALING JAYA